书目信息 |
| 题名: |
怦然心动
|
|
| 作者: | 文德琳·范·德拉安南 著 ;陈常歌 译 | |
| 分册: | ||
| 出版信息: | 杭州 浙江教育出版社 2022.08 |
|
| 页数: | 263页 | |
| 开本: | 21cm | |
| 丛书名: | ||
| 单 册: | ||
| 中图分类: | H319.4:I | |
| 科图分类: | ||
| 主题词: | 英语 | |
| 电子资源: | ||
| ISBN: | 978-7-5722-3808-6 | |
| 000 | 01213nam0 2200241 450 | |
| 001 | 2351891014 | |
| 005 | 20231127143356.77 | |
| 010 | @a978-7-5722-3808-6@dCNY65.00 | |
| 100 | @a20231127d2022 km y0chiy0120 ea | |
| 101 | 0 | @achi |
| 102 | @aCN@b330000 | |
| 200 | 1 | @a怦然心动@APeng Ran Xin Dong@f(美) 文德琳·范·德拉安南著;陈常歌译@F(Mei)Wen De Lin·Fan·De La An Nan Zhu;Chen Chang Ge Yi |
| 210 | @a杭州@c浙江教育出版社@d2022.08 | |
| 215 | @a263页@d21cm | |
| 300 | @a英语 -- 汉语 -- 对照读物 | |
| 330 | @a本书是一部描述男孩与女孩之间青春故事的有趣小说, 是获得极高赞誉的电影《怦然心动》的同名原著。 这不仅仅是关于初恋的故事, 更是一部关于成长的故事。 本书讲述了女孩朱莉·贝克虔诚地相信着三件事, 树是纯洁的、她在后院饲养的鸡生出来的蛋是最卫生的、以及总有一天她会和布莱斯·罗斯基接吻。 小说中有欢笑、有争吵, 能够引发读者对人的成长的思考, 情绪描写细腻真实, 让人读完以后觉得身边的事物又重新变得美好起来, 小说故事所传达的这种纯洁又美好的懵懂感觉, 让读者回味无穷。 | |
| 510 | 1 | @a=Flipped |
| 606 | 0 | @a英语 |
| 690 | @aH319.4:I@v4 | |
| 701 | 0 | @a文德琳·范·德拉安南@AWen De Lin·Fan·De La An Nan@4著 |
| 702 | 0 | @a陈常歌@AChen Chang Ge@4译 |
| 801 | 0 | @aCN@b河南城建学院图书馆@c20231127 |
| 905 | @dH319.4:I@eW630 | |
| 怦然心动/(美) 文德琳·范·德拉安南著;陈常歌译.-杭州:浙江教育出版社,2022.08 |
| 263页;21cm |
| 英语 -- 汉语 -- 对照读物 |
| ISBN 978-7-5722-3808-6:CNY65.00 |
| 本书是一部描述男孩与女孩之间青春故事的有趣小说, 是获得极高赞誉的电影《怦然心动》的同名原著。 这不仅仅是关于初恋的故事, 更是一部关于成长的故事。 本书讲述了女孩朱莉·贝克虔诚地相信着三件事, 树是纯洁的、她在后院饲养的鸡生出来的蛋是最卫生的、以及总有一天她会和布莱斯·罗斯基接吻。 小说中有欢笑、有争吵, 能够引发读者对人的成长的思考, 情绪描写细腻真实, 让人读完以后觉得身边的事物又重新变得美好起来, 小说故事所传达的这种纯洁又美好的懵懂感觉, 让读者回味无穷。 |
| ● |
| 相关链接 |
|
|
|
正题名:怦然心动
索取号:H319.4:I/W630
 
预约/预借
| 序号 | 登录号 | 条形码 | 馆藏地/架位号 | 状态 | 备注 |
| 1 | 1548392 | 215483929 | 外国语学院资料室/ [索取号:H319.4:I/W630] | 在馆 |